Harry Potter Charaktere - Statistiken

Allgemein
  • Dieses Quiz wurde 148 mal gespielt
    101 seit der letzten Aktualisierung
  • Das Durchschnittsergebnis liegt bei 41 aus 52
Antwortstatistiken
Beschreibung Figur % Korrekt
Harrys bester Freund Ron
100%
Der Auserwählte selbst Harry Potter
99%
Harrys beste Freundin Hermine Granger
98%
Exzentrische Ravenclaw, Freundin von Harry Luna
98%
Harrys spätere Ehefrau Ginny
96%
Harrys bester Freund Ron Weasley
95%
Jüngste Weasley, später wichtig Ginny Weasley
93%
Verstoßener Sohn, Harrys Pate Sirius
93%
Mutiger Gryffindor, Freund des Trios Neville Longbottom
89%
Ehemaliger Hauself der Familie Dobby
88%
Harrys Tante Petunia
87%
Vater der Weasleys Arthur Weasley
85%
Hauslehrer Slytherin, zwielichtig Severus Snape
85%
Spion unter Todessern Severus Snape
85%
Schulleiter Albus Dumbledore
84%
Gründer Albus Dumbledore
84%
Harrys Cousin Dudley
84%
Älterer Zwillingsbruder Fred
84%
Jüngerer Zwillingsbruder George
84%
Mutter der Weasleys Molly Weasley
84%
Fanatische Verwandte Bellatrix
83%
Slytherin-Schüler, Rivale von Harry Draco
83%
Vater von Draco Lucius
83%
Harrys Onkel Vernon
83%
Dunkler Zauberer, Hauptantagonist Lord Voldemort
82%
Werwolf Remus Lupin
82%
Wildhüter & Freund der Schüler Rubeus Hagrid
82%
Vater der Kinder Arthur
80%
Vater von Draco Lucius Malfoy
80%
Mutter der Kinder Molly
80%
Exzentrische Ravenclaw, Verbündete Luna Lovegood
79%
Hausmeister Argus Filch
76%
Ehrgeiziger Bruder beim Ministerium Percy
76%
Hogwarts-Schüler, Sohn Draco Malfoy
74%
Harrys Pate Sirius Black
74%
Fanatische Gefolgsfrau Bellatrix Lestrange
72%
Stellvertretende Schulleiterin Minerva McGonagall
72%
Ältester Bruder, arbeitet in Gringotts Bill
71%
Hauself der Familie Kreacher
71%
Mutter von Draco Narcissa
70%
Schwester von Bellatrix, Mutter von Draco Narcissa
70%
Imitierte Alastor Moody mit Hilfe eines Vielsafttranks Barty Crouch Jr.
68%
Vater von Luna Xenophilius
67%
Ehemaliger Auror Alastor Moody
66%
Treuer Diener, Animagus Peter Pettigrew
65%
Bruder, arbeitet mit Drachen Charlie
63%
Eitler DADA-Lehrer Gilderoy Lockhart
63%
Aurorin Nymphadora Tonks
63%
Bruder von Sirius Regulus
63%
Zaubertranklehrer ab später Horace Slughorn
62%
Lehrerin für Wahrsagen Sybill Trelawney
61%
Ministerieller Kontakt Kingsley Shacklebolt
33%
Keine übereinstimmenden Quizze gefunden
Verteilung der Resultate
Anzahl Personen mit jedem Resultat
Perzentil nach korrekt beantworteten Fragen
Ihre Resultats-Entwicklung
Sie haben dieses Quiz seit der letzten Aktualisierung nicht gespielt